Geography Quiz

Random Geography or State Quiz

'E' States Blitz Quiz Stats

 Plays Quiz Updated Jan 12, 2018

Also try: 'O' States Blitz
Challenge
Share
Tweet
Embed
Score 0/20 Timer 01:00
7 Plays Today
% Correct
New York
88.8%
New Jersey
80.9%
New Mexico
79.6%
Maine
77.6%
New Hampshire
77.1%
Texas
73.5%
Georgia
72.3%
Oregon
72.2%
Delaware
60.9%
Tennessee
59.6%
% Correct
Nevada
59.3%
Kentucky
58%
Vermont
57%
Minnesota
56.3%
Nebraska
55.3%
Connecticut
54.3%
Pennsylvania
54%
Massachusetts
48.9%
Rhode Island
48.7%
West Virginia
47.8%

You're not logged in!

Compare scores with friends on all Sporcle quizzes.
OR
Log In

You Might Also Like...

Show Comments

Extras

Top Quizzes Today


Score Distribution

Your Account Isn't Verified!

In order to create a playlist on Sporcle, you need to verify the email address you used during registration. Go to your Sporcle Settings to finish the process.

Report this User

Report this user for behavior that violates our Community Guidelines.

Details: